000 00345nam a2200133Ia 4500
008 240624s9999 xx 000 0 und d
041 _aeng
082 _a650.1 LIV
100 _aLIVERMORE DAVID
245 _aCULTURAL INTELLIGENCE DIFFERENCE MASTER
260 _c2011
_aNew York
_bAMACOM
300 _axvi, : 207 : p. : cm. ; 24
365 _c
_b28
999 _c22018
_d22018